| 000 | 00482cam a2200193 4500 | ||
|---|---|---|---|
| 001 | D9518 | ||
| 008 | 090401t1940 xxu||||| |||| 00| 0 eng d | ||
| 035 | _a(Sirsi) u20324 | ||
| 041 | _aeng | ||
| 050 | _a526.90212 | ||
| 110 |
_aUnited States War Department _9494 |
||
| 245 | _aSurveying tables | ||
| 260 |
_aWashington DC _bUS Government Printing Office _c1940 |
||
| 300 | _a392p. 21cm | ||
| 350 | _a0 | ||
| 490 | _aTechnical Manual 5-236 | ||
| 942 | _n0 | ||
| 948 | _c04/03/1997 | ||
| 999 |
_c87798 _d87798 |
||